Préfectures françaises - Statistiques

Statistiques générales
  • Ce quiz a été pris 4 289 fois
  • Le résultat moyen est 68 sur 101
Statistiques - réponses
Département Préfecture % Correct
Bouches-du-Rhône Marseille
95%
Alpes-Maritimes Nice
93%
Gironde Bordeaux
92%
Nord Lille
90%
Paris Paris
90%
Ille-et-Vilaine Rennes
90%
Corse-du-Sud Ajaccio
89%
Rhône Lyon
89%
Hérault Montpellier
89%
Bas-Rhin Strasbourg
89%
Haute-Garonne Toulouse
89%
Haute-Corse Bastia
88%
Côte-d'Or Dijon
88%
Loire-Atlantique Nantes
88%
Calvados Caen
87%
Charente-Maritime La Rochelle
86%
Isère Grenoble
85%
Finistère Quimper
82%
Gard Nîmes
78%
Loire Saint-Etienne
78%
Loiret Orléans
77%
Var Toulon
77%
Puy-de-Dôme Clermont-Ferrand
76%
Hautes-Alpes Gap
76%
Sarthe Le Mans
76%
Moselle Metz
76%
Meurthe-et-Moselle Nancy
76%
Pyrénées-Orientales Perpignan
76%
Ain Bourg-en-Bresse
75%
Seine-Maritime Rouen
75%
Indre-et-Loire Tours
75%
Maine-et-Loire Angers
74%
Haute-Savoie Annecy
74%
Territoire de Belfort Belfort
74%
Doubs Besançon
74%
Pyrénées-Atlantiques Pau
74%
Morbihan Vannes
73%
Yvelines Versailles
73%
Haut-Rhin Colmar
72%
Aude Carcassonne
71%
Aube Troyes
71%
Corrèze Tulle
71%
Somme Amiens
70%
Drôme Valence
70%
Cher Bourges
68%
Savoie Chambéry
68%
Allier Moulins
68%
Vienne Poitiers
67%
Côtes-d'Armor Saint-Brieuc
67%
La Réunion Saint-Denis
67%
Charente Angoulême
65%
Vaucluse Avignon
65%
Ariège Foix
65%
Aisne Laon
65%
Landes Mont-de-Marsan
65%
Dordogne Périgueux
65%
Ardèche Privas
65%
Aveyron Rodez
65%
Mayenne Laval
64%
Haute-Vienne Limoges
64%
Nièvre Nevers
64%
Pas-de-Calais Arras
63%
Cantal Aurillac
63%
Manche Saint-Lô
63%
Ardennes Charleville-Mézières
62%
Deux-Sèvres Niort
62%
Yonne Auxerre
60%
Eure-et-Loir Chartres
60%
Indre Châteauroux
60%
Vendée La-Roche-sur-Yon
60%
Creuse Guéret
59%
Oise Beauvais
57%
Loir-et-Cher Blois
56%
Eure Evreux
56%
Martinique Fort-de-France
56%
Gers Auch
55%
Tarn Albi
54%
Lozère Mende
54%
Hautes-Pyrénées Tarbes
54%
Lot-et-Garonne Agen
53%
Alpes-De-Haute-Provence Digne-les-Bains
53%
Essonne Evry
53%
Orne Alençon
52%
Vosges Epinal
52%
Jura Lons-le-Saunier
52%
Saône-et-Loire Mâcon
52%
Hauts-de-Seine Nanterre
52%
Guyane Cayenne
51%
Seine-et-Marne Melun
51%
Lot Cahors
50%
Tarn-et-Garonne Montauban
49%
Seine-Saint-Denis Bobigny
48%
Val-de-Marne Créteil
48%
Haute-Loire Le-Puy-en-Velay
47%
Marne Châlons-en-Champagne
46%
Meuse Bar-le-Duc
45%
Val-d'Oise Cergy
42%
Haute-Saône Vesoul
42%
Guadeloupe Basse-Terre
41%
Mayotte Mamoudzou
41%
Haute-Marne Chaumont
40%
Aucun quiz correspondant
Distribution des résultats
% des personnes avec chaque résultat
Percentile par nombre de réponses
Votre historique - résultats
Vous n’avez pas pris ce quiz